| 000 | 00526nam a2200193Ia 4500 | ||
|---|---|---|---|
| 003 | GCL | ||
| 008 | 140319s9999 xx 000 0 eng d | ||
| 040 |
_aGCL / _cGCL |
||
| 082 | 0 | 4 |
_a551.6353 _bD D |
| 100 | 1 | _aDOVIAK, RICHARD J. | |
| 245 | 1 | 0 |
_aDOPPLER READER AND WEATHER OBSERVATIONS, 2nd ed. / _cDOVIAK, RICHARD J. |
| 700 | 1 | _aZRNIC, DUSEN S. | |
| 260 |
_a[S.N] : _bACADEMIC PRESS LIMITED. |
||
| 300 | _a562 P | ||
| 650 | 0 | 4 | _aRADAR METEOROLOGY |
| 650 | 0 | 4 | _aOBSERVATIONS |
| 650 | 0 | 4 | _aDOPPLER RADAR |
| 942 |
_2ddc _cBK |
||
| 999 |
_c11559 _d11559 |
||